La construcción de Europa : de las "guerras civiles" a la "unificación" /
Αποθηκεύτηκε σε:
| Άλλοι συγγραφείς: | |
|---|---|
| Μορφή: | Ηλεκτρονική πηγή Ηλ. βιβλίο |
| Γλώσσα: | Ισπανικά |
| Έκδοση: |
Madrid : Alicante :
Biblioteca Nueva ; Instituto Alicantino de Cultura Juan Gil-Albert,
2007.
|
| Σειρά: | Colección Historia (Biblioteca Nueva (Firm)).
|
| Θέματα: | |
| Διαθέσιμο Online: | Digitalia Hispánica |
| Ετικέτες: |
Προσθήκη ετικέτας
Δεν υπάρχουν, Καταχωρήστε ετικέτα πρώτοι!
|
MARC
| LEADER | 00000nam a2200000Ii 4500 | ||
|---|---|---|---|
| 001 | DIGBN02606 | ||
| 003 | NyNyDIG | ||
| 006 | m o d | ||
| 007 | cr ||||||||||| | ||
| 008 | 100625s2007 sp ob 001 0 spa d | ||
| 020 | |z 8497426495 | ||
| 020 | |z 9788497426497 | ||
| 035 | |a (OCoLC)656361200 | ||
| 040 | |a DGITA |b eng |e pn |c DGITA | ||
| 043 | |a e------ | ||
| 050 | 1 | 4 | |a JN30 eBook |
| 245 | 0 | 3 | |a La construcción de Europa : |b de las "guerras civiles" a la "unificación" / |c Salvador Forner (ed.). |
| 264 | 1 | |a Madrid : |b Biblioteca Nueva ; |a Alicante : |b Instituto Alicantino de Cultura Juan Gil-Albert, |c 2007. | |
| 300 | |a 1 online resource (316 pages) : |b ill. | ||
| 336 | |a text |b txt |2 rdacontent | ||
| 337 | |a computer |b c |2 rdamedia | ||
| 338 | |a online resource |b cr |2 rdacarrier | ||
| 490 | 1 | |a Colección Historia Biblioteca Nueva. | |
| 505 | 0 | |a Introducción: la construcción de Europa / Salvador Forner Muñoz -- Europa: de las "guerras civiles" al proyecto unitario / Salvador Forner Muñoz -- De la segunda posguerra al final de la Guerra Fría: la integración europea en el contexto histórico de la segunda mitad del siglo XX / Juan Carlos Pereira Castañares -- Los orígenes de la unidad europea: de la Declaración de Schuman a los Tratados de Roma / Juan Cristóbal Gay Armenteros -- La ampliación y profundización de la Europa comunitaria: de los Tratados de Roma a la Unión Europea/ Ricardo M. Martín de La Guardia -- El Tratado de Maastricht: un hito en la historia de la construcción europea / Jorge Cardona Llorens -- La Unión Monetaria Europea: realidades actuales y retos de futuro / Sara González Fernández -- El sistema institucional europeo: evolución y perspectivas / Carlos Francisco Molina del Pozo -- La "Nueva Europa": de la caída del comunismo a la integración en la Unión Europea / Guillermo A. Pérez Sánchez -- La proyección internacional de la unidad europea / Florentino Portero -- Europa entre dos siglos: de la caída del muro a la "unificación" europea / Salvador Forner Muñoz -- España y Europa: el camino hacia la integración / Heidi Cristina Senante Berendes -- Europa en la modernización económica de España, 1985 - 2005 / José Antonio Nieto Solís -- A los cincuenta años del Tratado CEE: balance y perspectivas de la integración europea / Ramón Tamames. | |
| 610 | 2 | 0 | |a European Union |x History. |
| 650 | 0 | |a European communities |x History. | |
| 650 | 0 | |a European federation |x History. | |
| 655 | 0 | |a Electronic books. | |
| 700 | 1 | |a Forner Muñoz, Salvador. | |
| 791 | 2 | |a Digitalia (Firm), |e distributor. | |
| 830 | 0 | |a Colección Historia (Biblioteca Nueva (Firm)). | |
| 793 | 0 | |g Digitalia eBook Collection: |a Biblioteca Nueva | |
| 856 | 4 | 0 | |3 Digitalia Hispánica |u https://digitalia.unach.elogim.com/a/22/ |
| 910 | |a Premium Collection: 2007-2012 | ||